| 000 | 00511nam a2200193Ia 4500 | ||
|---|---|---|---|
| 003 | OSt | ||
| 005 | 20250122145344.0 | ||
| 008 | 210716s1975 xx 000 0 und d | ||
| 020 | _a0380004259 | ||
| 040 | _cAIMIT LIBRARY | ||
| 041 | _aeng | ||
| 082 |
_a808.83 _21 _bROGR |
||
| 100 |
_aRogers, Rosemary. _9194599 |
||
| 245 |
_aDark fires / _cBy Rosemary Rogers. |
||
| 250 | _a1st ed. | ||
| 260 |
_aNew York : _bAvon Books ; _c1975. |
||
| 300 |
_a604p. ; _bPB _c17 cm. |
||
| 942 |
_2ddc _cBK _e1st ed. _k808.83 ROGR |
||
| 999 |
_c200129 _d200129 |
||